000
00349nam a2200145 a 4500
005
20140414132107.0
008
100902s19uu xx 00 eng d
050
_a
M 796.7
_b
J63 2008
100
_a
Johnson, Ben
245
_a
Motocross.
260
_b
Ticktock,
_c
2008.
440
_a
Ultimate thrill sports
650
_a
Motocross
999
_c
114623
_d
114623